00740nam a2200241 a 4500001001300000003000900013005001700022008004100039020001000080082001700090100002500107245003800132260004500170500003500215505001800250650002000268650002600288700002500314902000800339942000700347952012900354999001500483nice12345678IN_TiNIC20260116011851.0050524s1879 newa grp 000 0 urd  ac10000a297.814bAMR aAmritsari, Sanaullah aIslami Hikayaat(13 Muslim Tracts) aNew DelhibVikas Publication Housec1879 aincludes index and biblioraphy2 aVols. 2 and 3 aIslam-Movements aWahabies-Ahl-e-hadees1 aAmritsari, Sanaullah bRHR cBK 001040708ReferHall-aHMIbHMId2007-07-02g100.00l1o297.814 AMRp06890r2019-12-19s2018-09-05v100.00w2005-05-24yBK c4567d4567